| 000 | 00418cam a2200181 4500 | ||
|---|---|---|---|
| 001 | D8288 | ||
| 008 | 090401t1962 xxu||||| |||| 00| 0 eng d | ||
| 035 | _a(Sirsi) u12186 | ||
| 041 | _aeng | ||
| 050 | _a693.5 | ||
| 100 | _aRobson, T.D. | ||
| 245 | _aHigh-alumina cements and concretes | ||
| 260 |
_aLondon _bContractors Record _c1962 |
||
| 300 | _a263p. 25cm | ||
| 350 | _a2 | ||
| 942 | _n0 | ||
| 948 | _c04/03/1997 | ||
| 999 |
_c86956 _d86956 |
||